|
|
|
|
| LEADER |
01435nam a2200361 a 4500 |
| 001 |
EBC675126 |
| 003 |
MiAaPQ |
| 005 |
20200520144314.0 |
| 006 |
m o d | |
| 007 |
cr cn||||||||| |
| 008 |
110425s2010 si sb 001 0 eng d |
| 020 |
|
|
|z 9780470825976
|
| 020 |
|
|
|a 9780470826225 (electronic bk.)
|
| 035 |
|
|
|a (MiAaPQ)EBC675126
|
| 035 |
|
|
|a (Au-PeEL)EBL675126
|
| 035 |
|
|
|a (CaPaEBR)ebr10462141
|
| 035 |
|
|
|a (CaONFJC)MIL310083
|
| 035 |
|
|
|a (OCoLC)730151643
|
| 040 |
|
|
|a MiAaPQ
|c MiAaPQ
|d MiAaPQ
|
| 043 |
|
|
|a a-cc---
|
| 050 |
|
4 |
|a HF5415.12.C6
|b M67 2010
|
| 100 |
1 |
|
|a Morgan, Morry.
|
| 245 |
1 |
0 |
|a Selling big to China
|h [electronic resource] :
|b negotiating principles for the world's largest market /
|c Morry Morgan.
|
| 260 |
|
|
|a Singapore :
|b John Wiley & Sons (Asia) Pte. Ltd.,
|c 2010.
|
| 300 |
|
|
|a xviii, 190 p.
|
| 504 |
|
|
|a Includes bibliographical references and index.
|
| 505 |
0 |
|
|a pt. 1. The knowledge -- pt. 2. The sales call -- pt. 3. The negotiation -- pt. 4. Keeping your target satisfied -- pt. 5. Now what?
|
| 533 |
|
|
|a Electronic reproduction. Ann Arbor, MI : ProQuest, 2015. Available via World Wide Web. Access may be limited to ProQuest affiliated libraries.
|
| 650 |
|
0 |
|a Marketing
|z China.
|
| 650 |
|
0 |
|a Selling
|z China.
|
| 655 |
|
4 |
|a Electronic books.
|
| 710 |
2 |
|
|a ProQuest (Firm)
|
| 856 |
4 |
0 |
|u https://ebookcentral.proquest.com/lib/matrademy/detail.action?docID=675126
|z Click to View
|